• Granito Pignatelli di Belmonte, Gennaro,

di Personal Name

Records bibliografici associati: 1

001 - CONTROL NUMBER

  • control field: 15282

003 - CONTROL NUMBER IDENTIFIER

  • control field: IT-RoINE

005 - DATE AND TIME OF LATEST TRANSACTION

  • control field: 20141204145017.0

008 - FIXED-LENGTH DATA ELEMENTS

  • fixed length control field: 141204|| aca||aabn | a|a d

040 ## - CATALOGING SOURCE

  • Original cataloging agency: IT-RoINE
  • Transcribing agency: IT-RoINE

100 ## - HEADING--PERSONAL NAME

  • Personal name: Granito Pignatelli di Belmonte, Gennaro,
  • Titles and other words associated with a name: Cardenal,
  • Dates associated with a name: 1851-1948

670 ## - SOURCE DATA FOUND

  • Source citation: Work cat.: (IT-RoINE)0: Ilario da Teano, O.F.M.Cap.‏ 15281, Il cardinale Gennaro Granito Pignatelli di Belmonte /, 1957